Normal view
MARC view
Entry Personal Name
001 - CONTROL NUMBER
- control field: 476771
003 - CONTROL NUMBER IDENTIFIER
- control field: OSt
005 - DATE AND TIME OF LATEST TRANSACTION
- control field: 20220928131016.0
008 - FIXED-LENGTH DATA ELEMENTS
- fixed length control field: 220928|| aca||aabn | a|a d
040 ## - CATALOGING SOURCE
- Original cataloging agency: OSt
- Transcribing agency: OSt
100 ## - HEADING--PERSONAL NAME
- Personal name: Fischetti Massimo V
670 ## - SOURCE DATA FOUND
- Source citation: Work cat.: (OSt)789241: Fischetti Massimo V., Advanced physics of electron transport in semiconductors and nanostructures, 2016
